01107nam a2200265 a 450000100060000000300080000600500170001400800410003103500190007204000360009104100080012708200220013510000460015724500750020325000110027826000380028930000340032750400400036165000320040170000490043394200120048299900170049495201600051195201700067171316BD-RjUL20211209082112.0170502s1966 maua b 001 0 eng  a(BD-RjUL)71532 aDLC/ICUcICUdDLCdBD-RjULbeng aeng00a547223bMOO 19661 aMorrison, Robert Thornton,d1918-921104210aOrganic chemistry /cRobert Thornton Morrison and Robert Neilson Boyd. a2d ed. aBoston :bAllyn and Bacon,c1966. aix, 1204 p. :bill. ;c25 cm. a"Suggested readings": p. 1133-1139. 0aChemistry, Organic.92110431 aBoyd, Robert Neilson,ejoint author.9211044 2ddccBK c71316d71316 00102ddc40718NFICaRUCLbRUCLcReadingd1967-06-13eR.U. seminer library dept. of chemistry.l0o547 MOO 1966r2017-05-02 00:00:00tC-1w2017-05-02yBK 00102ddc40708NFICaRUCLbRUCLcStackd1967-06-13eR.U. seminer library dept. of chemistry.l2o547 MOO 1966r2026-01-19 00:00:00s2026-01-04tC-2w2017-06-12yBK